000 01035nam0a2200277 4500
001 RU\NLR\bibl\795163
005 20260406062410.0
010 _a5-352-00293-4
_95000
021 _aRU
_b2005-567
_928
035 _a(NLR Aleph) 000784367
090 _a1082129
_c1082129
100 _a20050504d2004 |||y0rusy50 ca
101 1 _arus
_cnor
102 _aRU
105 _ay |||||||||
200 1 _aКаталог Латура, или Лакей маркиза де Сада
_e[Роман]
_fНиколай Фробениус
_g[Пер. с норвеж. Л. Горлиной]
210 _aСанкт-Петербург
_cАзбука-классика
_d2004
_eГПП Печ. Двор
215 _a219,[2] с.
_d18
517 0 _aЛакей маркиза де Сада
686 _aШ6(4Нр)67-440.4{Лх1468}
700 1 _4070
_7ca
_8rus
_aФробениус
_bН.
_f1965-
_gНиколай
_9122309
_3RU\NLR\auth\7712598
801 0 _aRU
_bNLR
_c20050504
_gPSBO
801 1 _aRU
_bNLR
_c20050504
942 _cBOOK
980 _aNB